00627nam a22001937a 450000500170000001000190001702000420003603500180007803700140009608200180011010000160012824500510014425000070019526000310020227000820023330000290031549000170034450000720036120251001154543.0 aENG-146935-936 a9789349015647(Set of 2 Vols)c8295.00 aEN-130467-468 bDBADaDPL a347.54052217 aMitra, U N  aLaw of Limitation and Prescription/cU N Mitra a17 aGurgaonbLexis Nexisc2025 a14th floor building no 10, tower-B, DLF cyber city, phase-IIbGurgaone122002 adclxxx, 3338p.c25cm(hb) vVol 1, Vol 2 aSection 1-32 & Articles 1-52 163 (Vol 1) Articles 53 - 137 (Vol 2)